Normal view
MARC view
- عبدالله الثاني إبن الحسين، ملك الآردن، 1999؛ اشراف الديوان الملكي الهاشمي؛ جمع وتحرير بتول نائل العبداللات؛ متابعة وتنسيق يمان عبد المجيد الذنيبات واخرون
Entry Personal Name
001 - CONTROL NUMBER
- control field: 62325
003 - CONTROL NUMBER IDENTIFIER
- control field: JO-AjAnu
005 - DATE AND TIME OF LATEST TRANSACTION
- control field: 20230606084159.0
008 - FIXED-LENGTH DATA ELEMENTS
- fixed length control field: 230606|| aca||aabn | a|a d
040 ## - CATALOGING SOURCE
- Original cataloging agency: JO-AjAnu
- Transcribing agency: JO-AjAnu
100 ## - HEADING--PERSONAL NAME
- Personal name: عبدالله الثاني إبن الحسين، ملك الآردن، 1999؛ اشراف الديوان الملكي الهاشمي؛ جمع وتحرير بتول نائل العبداللات؛ متابعة وتنسيق يمان عبد المجيد الذنيبات واخرون
670 ## - SOURCE DATA FOUND
- Source citation: Work cat.: (JO-AjAnu)31785: عبدالله الثاني إبن الحسين، ملك الآردن، 1999؛ اشراف الديوان الملكي الهاشمي؛ جمع وتحرير بتول نائل العبداللات؛ متابعة وتنسيق يمان عبد المجيد الذنيبات واخرون, author, الخطاب السامي لصاحب الجلالة الهاشمية الملك عبدالله الثاني ابن الحسبن المعظم، مج 20